<?xml version="1.0" encoding="UTF-8"?>
<record
    xmlns:xsi="http://www.w3.org/2001/XMLSchema-instance"
    xsi:schemaLocation="http://www.loc.gov/MARC21/slim http://www.loc.gov/standards/marcxml/schema/MARC21slim.xsd"
    xmlns="http://www.loc.gov/MARC21/slim">

  <leader>01889nam a2200157   4500</leader>
  <controlfield tag="008">700.74 SE495s</controlfield>
  <datafield tag="020" ind1=" " ind2=" ">
    <subfield code="a">9597160048</subfield>
  </datafield>
  <datafield tag="082" ind1=" " ind2=" ">
    <subfield code="a">700.74</subfield>
    <subfield code="b">SE495S</subfield>
  </datafield>
  <datafield tag="100" ind1=" " ind2=" ">
    <subfield code="a">Herrera Ysla, Nelson (edici&#xF3;n)</subfield>
    <subfield code="9">7127</subfield>
  </datafield>
  <datafield tag="245" ind1=" " ind2=" ">
    <subfield code="a">Uno m&#xE1;s cerca del otro: </subfield>
    <subfield code="b">S&#xE9;ptima Bienal de La Habana. Noviembre 2000 - enero 2001</subfield>
  </datafield>
  <datafield tag="260" ind1=" " ind2=" ">
    <subfield code="a">Cuba</subfield>
    <subfield code="b">Consejo Nacional de las Artes Pl&#xE1;sticas</subfield>
    <subfield code="b">Empresa Comexter S.A.</subfield>
    <subfield code="c">2001</subfield>
  </datafield>
  <datafield tag="300" ind1=" " ind2=" ">
    <subfield code="a">242 p.</subfield>
    <subfield code="b">il. </subfield>
    <subfield code="c">27,5 x 22,5 cm </subfield>
  </datafield>
  <datafield tag="505" ind1=" " ind2=" ">
    <subfield code="t">Presentaci&#xF3;n</subfield>
    <subfield code="t">Una Bienal entre dos tiempos</subfield>
    <subfield code="r">Rafael Acosta de Arriba</subfield>
    <subfield code="t">Comunicaci&#xF3;n en tiempo dif&#xED;ciles: uno m&#xE1;s cerca del otro</subfield>
    <subfield code="r">Nelson Herrera Ysla</subfield>
    <subfield code="t">Invitados </subfield>
    <subfield code="t">Exposiciones especiales</subfield>
    <subfield code="t">El Renacimiento Tecnol&#xF3;gico: un concepto para el siglo XXI </subfield>
    <subfield code="r">Allan Edmunds</subfield>
    <subfield code="t">El Tercer Mundo, el Sur, la gente en casa</subfield>
    <subfield code="r">Corina Matamoros</subfield>
    <subfield code="t">Cer&#xE1;mica Cubana Contempor&#xE1;nea</subfield>
    <subfield code="r">Alejandro Alonso</subfield>
    <subfield code="t">Jean Michel Basquiat: ficci&#xF3;n o realidad</subfield>
    <subfield code="r">Prof. Dr. Elena Ochoa </subfield>
    <subfield code="t">Arte y comunicaci&#xF3;n: carteles cubanos de cine</subfield>
    <subfield code="r">Sara Vega, Alicia Garc&#xED;a</subfield>
    <subfield code="t">Helio Oiticica</subfield>
    <subfield code="t">Talleres de creaci&#xF3;n</subfield>
    <subfield code="t">Encuentro de teor&#xED;a y cr&#xED;tica </subfield>
    <subfield code="t">Encuentro de arquitectura</subfield>
    <subfield code="t">Exposiciones de arquitectura cubana </subfield>
    <subfield code="t">Atrapada con salida</subfield>
    <subfield code="r">Mar&#xED;a E. Mart&#xED;nez Zequeira</subfield>
    <subfield code="t">La Ciudad antigua. El rescate del Centro Hist&#xF3;rico de la Habana vieja </subfield>
    <subfield code="r">Mar&#xED;a del Rosario Castell </subfield>
    <subfield code="t">De La Habana ma&#xF1;ana y La Habana cotidiana</subfield>
    <subfield code="r">Mar&#xED;a Coyula </subfield>
    <subfield code="t">La ciudad del futuro</subfield>
    <subfield code="r">Colectivo de autores de la Direcci&#xF3;n Provincial de Planificaci&#xF3;n F&#xED;sica de la Ciudad de La Habana </subfield>
    <subfield code="t">Volver a los sesenta</subfield>
    <subfield code="r">Eduardo Luis Rodr&#xED;guez</subfield>
    <subfield code="t">Los premios Nacionales de Arquitectura </subfield>
    <subfield code="r">Isabel Le&#xF3;n</subfield>
    <subfield code="t">Muestra</subfield>
    <subfield code="t">Los premios Nacionales de Arquitectura </subfield>
    <subfield code="t">Encuentro Internacional de Profesores y Estudiantes de Artes Pl&#xE1;sticas </subfield>
    <subfield code="t">Indice de Artistas por orden alfab&#xE9;tico</subfield>
    <subfield code="t">Indice de Artistas por pa&#xED;ses</subfield>
  </datafield>
  <datafield tag="650" ind1=" " ind2=" ">
    <subfield code="x">arte contempor&#xE1;neo </subfield>
    <subfield code="x">arte - Bienal </subfield>
    <subfield code="x">arte - exhibiciones</subfield>
    <subfield code="x">Cuba</subfield>
    <subfield code="9">7128</subfield>
  </datafield>
  <datafield tag="700" ind1=" " ind2=" ">
    <subfield code="a">Ricardo Su&#xE1;rez, Lourdes A. (edici&#xF3;n) </subfield>
    <subfield code="9">7129</subfield>
  </datafield>
  <datafield tag="999" ind1=" " ind2=" ">
    <subfield code="c">1825</subfield>
    <subfield code="d">1825</subfield>
  </datafield>
  <datafield tag="952" ind1=" " ind2=" ">
    <subfield code="0">0</subfield>
    <subfield code="1">0</subfield>
    <subfield code="2">ddc</subfield>
    <subfield code="4">0</subfield>
    <subfield code="7">0</subfield>
    <subfield code="a">LV</subfield>
    <subfield code="b">LV</subfield>
    <subfield code="c">Eventos y Bienales</subfield>
    <subfield code="d">2019-08-07</subfield>
    <subfield code="l">0</subfield>
    <subfield code="o">700.74 SE495S</subfield>
    <subfield code="p">001863</subfield>
    <subfield code="r">2019-08-07 00:00:00</subfield>
    <subfield code="w">2019-08-07</subfield>
    <subfield code="y">01</subfield>
  </datafield>
</record>
